[Event "Friedrichroda op 12th"]
[Site "Friedrichroda"]
[Date "2008.08.06"]
[Round "1"]
[White "Wahlicht, Mike"]
[Black "Toepfer, Lisette"]
[Result "1-0"]
[WhiteElo "2002"]
[BlackElo "848"]
[PlyCount "73"]
[EventDate "2008.08.06"]
[EventType "swiss"]
[EventRounds "7"]
[EventCountry "GER"]
[SourceTitle "CBM 126 Extra"]
[Source "ChessBase"]
[SourceDate "2008.11.05"]
[SourceVersion "1"]
[SourceVersionDate "2008.11.05"]
[SourceQuality "1"]
[WhiteTeam "Attikis Aspropirgos (W)"]
[BlackTeam "Attikis Aspropirgos (W)"]
[WhiteTeamCountry "GRE"]
[BlackTeamCountry "GRE"]

1. e4 d6 2. d4 g6 3. Nc3 Bg7 4. f4 e6 5. Nf3 Ne7 6. Be3 b6 7. Qd2 h6 8. 0-0-0 Bb7 9. h4 Nbc6 10. h5 Qd7 11. a3 0-0-0 12. Bb5 a6 13. Ba4 f5 14. d5 Bxc3 15. Qxc3 fxe4 16. dxc6 Bxc6 17. Bxc6 Nxc6 18. Nd4 Kb7 19. hxg6 e5 20. Nxc6 Qxc6 21. Qxc6+ Kxc6 22. f5 h5 23. Bg5 Rb8 24. f6 Rhc8 25. f7 a5 26. g7 a4 27. Bh6 Kd7 28. f8Q Rxf8 29. gxf8Q Rxf8 30. Bxf8 b5 31. Rxh5 Ke8 32. Bxd6 cxd6 33. Rxd6 Ke7 34. Ra6 Kf7 35. Rh7+ Kg8 36. Rb7 b4 37. Ra8# 1-0